000 00555nam a2200205Ia 4500
005 20250508165128.0
008 008 250505s9999 xx 000 0 eng d
020 _a81-89524-12-7
037 _aTextual
040 _aFEDL
_beng
_cFEDL
041 _aeng
_2eng
084 _a297, ROY
_qFEDL
100 _aRoy M N
245 0 _aHistorical role of Islam: An essay on Islamic culture
260 _aNew Delhi, India
_bCritical Quest
_c2006
300 _a40p.
365 _aINR
_b30
942 _cTEXL
_h297, ROY
999 _c1393307
_d1393307